[Event "Tenerife-chT Preferente 1314"]
[Site "Tenerife"]
[Date "2014.02.08"]
[Round "6.2"]
[White "Laino Alvarez, Marcos"]
[Black "Lopez Pereyra, Antonio"]
[Result "0-1"]
[WhiteElo "1922"]
[BlackElo "2123"]
[PlyCount "50"]
[EventDate "2013.12.14"]
[EventType "team-tourn"]
[EventRounds "14"]
[EventCountry "ESP"]
[SourceTitle "EXT 2015"]
[Source "ChessBase"]
[SourceDate "2014.11.20"]
[SourceVersion "1"]
[SourceVersionDate "2014.11.20"]
[SourceQuality "1"]
[WhiteTeam "Piratas La Orotava"]
[BlackTeam "El Sauzal Libreria Barco"]
[WhiteTeamCountry "ESP"]
[BlackTeamCountry "ESP"]

1. d4 e6 2. e4 d5 3. exd5 exd5 4. Bd3 c5 5. c3 Nc6 6. dxc5 Bxc5 7. Nf3 Nf6 8. 0-0 0-0 9. Nbd2 Qd6 10. Qa4 Bg4 11. b4 Bb6 12. b5 Ne7 13. Ba3 Qc7 14. c4 Rfe8 15. Rac1 Qf4 16. Qb4 Qh6 17. Rfe1 dxc4 18. Rxe7 Rxe7 19. Qxe7 cxd3 20. Qxb7 Re8 21. Bb2 Bxf3 22. Nxf3 d2 23. Rd1 Ng4 24. Qc6 Bxf2+ 25. Kh1 Re1+ 0-1

[Event "Tenerife Navidad op 24th"]
[Site "Tenerife"]
[Date "2013.12.23"]
[Round "7"]
[White "Gonzalez Garcia, Zoilo"]
[Black "Laino Alvarez, Marcos"]
[Result "1/2-1/2"]
[WhiteElo "1722"]
[BlackElo "1922"]
[PlyCount "46"]
[EventDate "2013.12.13"]
[EventType "swiss"]
[EventRounds "9"]
[EventCountry "ESP"]
[SourceTitle "CBM 158 Extra"]
[Source "ChessBase"]
[SourceDate "2014.02.28"]
[SourceVersion "1"]
[SourceVersionDate "2014.02.28"]
[SourceQuality "1"]

1. e4 d5 2. exd5 Nf6 3. d4 Nxd5 4. Bd3 g6 5. c3 Bg7 6. Nf3 0-0 7. 0-0 Nc6 8. Bg5 Qd6 9. Nbd2 Bg4 10. h3 Bxf3 11. Qxf3 Nf6 12. Bxf6 Qxf6 13. Qxf6 exf6 14. g4 Rad8 15. Rae1 Nxd4 16. Bc4 Bh6 17. f4 Ne6 18. Ne4 Nxf4 19. Nxf6+ Kg7 20. h4 g5 21. Rxf4 gxf4 22. g5 Bxg5 23. hxg5 Rd2 1/2-1/2

[Event "Tenerife Navidad op 24th"]
[Site "Tenerife"]
[Date "2013.12.19"]
[Round "5"]
[White "Laino Alvarez, Marcos"]
[Black "Kraus, Oliver"]
[Result "0-1"]
[WhiteElo "1922"]
[BlackElo "2031"]
[PlyCount "184"]
[EventDate "2013.12.13"]
[EventType "swiss"]
[EventRounds "9"]
[EventCountry "ESP"]
[SourceTitle "CBM 158 Extra"]
[Source "ChessBase"]
[SourceDate "2014.02.28"]
[SourceVersion "1"]
[SourceVersionDate "2014.02.28"]
[SourceQuality "1"]

1. d4 Nf6 2. c4 c5 3. Nf3 e6 4. e3 d5 5. cxd5 exd5 6. Be2 Nc6 7. 0-0 Be7 8. dxc5 Bxc5 9. a3 a6 10. b4 Be7 11. Bb2 0-0 12. Nbd2 Be6 13. Rc1 Rc8 14. Nb3 Ne4 15. Nbd4 Qd7 16. Qb3 Rfd8 17. Rfd1 Bd6 18. Nxc6 Rxc6 19. Rxc6 Qxc6 20. Rc1 Qd7 21. Bd4 Rc8 22. Qb2 f6 23. Rc2 Kf7 24. Qc1 Rxc2 25. Qxc2 Qc7 26. Qxc7+ Bxc7 27. Bb2 Bd7 28. Bd1 Ke7 29. Bb3 Kd6 30. Nd4 Bb6 31. Ne2 Bb5 32. Nc3 Bc6 33. Nxe4+ dxe4 34. Bc3 Bd5 35. Bd1 Bc4 36. Bc2 Kd5 37. Bd2 Bc7 38. f3 f5 39. fxe4+ fxe4 40. g3 Be5 41. Bc1 Bc3 42. Kf2 Ke5 43. g4 Ba2 44. Ke2 Be6 45. h3 h5 46. gxh5 Bxh3 47. Bd2 Bg4+ 48. Ke1 Bxd2+ 49. Kxd2 Bxh5 50. Bb3 Bg4 51. Bf7 Be6 52. Bg6 Bf5 53. Bf7 g5 54. Ke1 Kf6 55. Bd5 b6 56. Kf2 Ke5 57. Bf7 Be6 58. Bg6 Bd7 59. Bh7 Kd5 60. Bg8+ Be6 61. Bh7 Bf7 62. Kg3 Be6 63. Kf2 Kc4 64. Bxe4 Kb3 65. Bb7 Kxa3 66. Bxa6 Kxb4 67. e4 Kc5 68. Ke3 b5 69. Bb7 b4 70. e5 Bd5 71. Bc8 b3 72. Kd2 Kc6 73. Bf5 Kc7 74. Kc3 Kd8 75. Kd4 Bf3 76. Kc3 Bd1 77. Kd2 Bf3 78. Kc3 Bd5 79. Kd4 Bf7 80. Kc3 Ke7 81. Bg4 Be6 82. Bf3 Kd7 83. Be4 g4 84. Bg2 Kc7 85. Be4 Kb6 86. Kb2 Kc5 87. Kc3 g3 88. Bg2 Kb5 89. Be4 Ka4 90. Kb2 Kb4 91. Bg2 Kc4 92. Bf3 Kd4 0-1

[Event "Santa Cruz Jovenes Banca Civica 1st"]
[Site "Santa Cruz"]
[Date "2012.04.15"]
[Round "7"]
[White "Laino Alvarez, Marcos"]
[Black "Molina Rodriguez, Borja"]
[Result "1/2-1/2"]
[WhiteElo "1901"]
[BlackElo "2141"]
[PlyCount "73"]
[EventDate "2012.03.02"]
[EventType "tourn"]
[EventRounds "7"]
[EventCountry "ESP"]
[SourceTitle "EXT 2024"]
[Source "ChessBase"]
[SourceDate "2023.10.10"]
[SourceVersion "1"]
[SourceVersionDate "2023.10.10"]
[SourceQuality "1"]

1. d4 Nf6 2. Nf3 e6 3. c4 b6 4. a3 Bb7 5. Nc3 d5 6. cxd5 Nxd5 7. g3 Be7 8. Bg2 0-0 9. 0-0 c5 10. Nxd5 Bxd5 11. dxc5 bxc5 12. Qc2 Nd7 13. e4 Bc6 14. Rd1 Qc7 15. Bf4 e5 16. Be3 Rab8 17. Nd2 Rfd8 18. Rac1 a5 19. b3 Rb7 20. Bf1 Rdb8 21. Rb1 h6 22. Rdc1 Bg5 23. Bxg5 hxg5 24. h3 Bb5 25. Bxb5 Rxb5 26. Nc4 Nf8 27. Qc3 f6 28. Ne3 Qf7 29. Qc4 Rxb3 30. Rxb3 Qxc4 31. Nxc4 Rxb3 32. Nxa5 Rxa3 33. Rxc5 Ne6 34. Rc8+ Kh7 35. Nc4 Ra1+ 36. Kg2 Nd4 37. Ne3 1/2-1/2

[Event "ESP-chT U16 4th"]
[Site "Benidorm"]
[Date "2011.12.08"]
[Round "2.4"]
[White "Laino Alvarez, Marcos"]
[Black "Pordomingo Sedano, Diego"]
[Result "1/2-1/2"]
[WhiteElo "1902"]
[BlackElo "1625"]
[PlyCount "95"]
[EventDate "2011.12.07"]
[EventType "team"]
[EventRounds "6"]
[EventCountry "ESP"]
[SourceTitle "EXT 2015"]
[Source "ChessBase"]
[SourceDate "2014.11.20"]
[SourceVersion "1"]
[SourceVersionDate "2014.11.20"]
[SourceQuality "1"]
[WhiteTeam "Cajacanarias (U16)"]
[BlackTeam "Solvay (U16)"]
[WhiteTeamCountry "ESP"]
[BlackTeamCountry "ESP"]

1. d4 Nf6 2. c4 g6 3. Nc3 Bg7 4. e4 d6 5. Nf3 0-0 6. Be2 Nc6 7. h3 e5 8. dxe5 Nxe5 9. 0-0 Be6 10. Nd2 Re8 11. f4 Nc6 12. Nf3 Nh5 13. Kh2 Nf6 14. Be3 Bd7 15. Bd3 Bf5 16. exf5 Rxe3 17. Qd2 Re8 18. Rae1 Qd7 19. Bc2 Rxe1 20. Rxe1 Re8 21. fxg6 hxg6 22. a3 a6 23. b4 Nh5 24. Nd5 Nf6 25. Rxe8+ Nxe8 26. f5 Ne5 27. Nxe5 Bxe5+ 28. g3 c6 29. Ne3 g5 30. Ng4 Qe7 31. Kg2 f6 32. Kf3 Ng7 33. b5 c5 34. Qd5+ Kh8 35. Be4 axb5 36. cxb5 b6 37. Nh6 Kh7 38. Nf7 Qa7 39. Nxg5+ fxg5 40. f6+ Kh6 41. fxg7 Qxa3+ 42. Bd3 Kxg7 43. Qe4 Qb3 44. Qg6+ Kf8 45. Qf5+ Qf7 46. Ke4 Qxf5+ 47. Kxf5 Bxg3 48. Ke4 1/2-1/2

[Event "Tenerife op 21st"]
[Site "Tenerife"]
[Date "2010.12.28"]
[Round "8"]
[White "Marrero Martin, Miguel"]
[Black "Laino Alvarez, Marcos"]
[Result "1/2-1/2"]
[WhiteElo "1856"]
[BlackElo "1867"]
[PlyCount "33"]
[EventDate "2010.12.16"]
[EventType "swiss"]
[EventRounds "9"]
[EventCountry "ESP"]
[SourceTitle "CBM 140 Extra"]
[Source "ChessBase"]
[SourceDate "2011.03.01"]
[SourceVersion "1"]
[SourceVersionDate "2011.03.01"]
[SourceQuality "1"]

1. c4 Nf6 2. g3 c5 3. Bg2 e6 4. Nc3 Nc6 5. e4 d6 6. Nge2 Be7 7. 0-0 0-0 8. d3 a6 9. Nf4 Qc7 10. Rb1 Rb8 11. a3 b5 12. cxb5 axb5 13. b4 cxb4 14. axb4 Nxb4 15. Qb3 Nc6 16. Nxb5 Qd7 17. Qa2 1/2-1/2

[Event "Tenerife op 21st"]
[Site "Tenerife"]
[Date "2010.12.17"]
[Round "2"]
[White "Laino Alvarez, Marcos"]
[Black "Molina Rodriguez, Borja"]
[Result "0-1"]
[WhiteElo "1867"]
[BlackElo "2058"]
[PlyCount "86"]
[EventDate "2010.12.16"]
[EventType "swiss"]
[EventRounds "9"]
[EventCountry "ESP"]
[SourceTitle "CBM 140 Extra"]
[Source "ChessBase"]
[SourceDate "2011.03.01"]
[SourceVersion "1"]
[SourceVersionDate "2011.03.01"]
[SourceQuality "1"]

1. e4 c5 2. Nf3 Nc6 3. Bb5 g6 4. Bxc6 dxc6 5. d3 Bg7 6. 0-0 e5 7. Nc3 Qe7 8. Be3 Nf6 9. a4 a5 10. Re1 0-0 11. h3 b6 12. Nd2 Be6 13. Qe2 Nh5 14. Nc4 Rab8 15. Qf3 Qh4 16. Ne2 g5 17. g4 Nf4 18. Kh2 h5 19. Qg3 hxg4 20. Qxh4 gxh4 21. hxg4 Nxe2 22. Rxe2 Bxg4 23. Ree1 f5 24. exf5 Bxf5 25. Bg5 e4 26. dxe4 Be6 27. Ne3 Bxb2 28. Rad1 Be5+ 29. f4 Bxf4+ 30. Bxf4 Rxf4 31. Rd6 Rxe4 32. Rxc6 Rd8 33. Rc7 Rd2+ 34. Kh1 Bg4 35. Rg1 Rxe3 36. Rxg4+ Kf8 37. Rf4+ Ke8 38. Rg4 Re1+ 39. Rg1 Rxg1+ 40. Kxg1 Rxc2 41. Rb7 Rb2 42. Kf1 h3 43. Ke1 h2 0-1